UBT Library

Frozen Earth (Record no. 56193)

000 -LEADER
fixed length control field 00285nam a22001337a 4500
008 - FIXED-LENGTH DATA ELEMENTS--GENERAL INFORMATION
fixed length control field 210310b ||||| |||| 00| 0 eng d
020 ## - INTERNATIONAL STANDARD BOOK NUMBER
International Standard Book Number 9780520239227
041 ## - LANGUAGE CODE
Language code of text/sound track or separate title eng
080 ## - UNIVERSAL DECIMAL CLASSIFICATION NUMBER
Universal Decimal Classification number 91
100 ## - Rafti
Rafti 42
101 ## - Shkurtesa
Shkurtesa GJEO
245 ## - TITLE STATEMENT
Title Frozen Earth
Statement of responsibility, etc Macdougall,D
942 ## - ADDED ENTRY ELEMENTS (KOHA)
Source of classification or shelving scheme
Item type Books
Holdings
Withdrawn status Lost status Source of classification or shelving scheme Damaged status Not for loan Collection code Permanent location Current location Shelving location Date acquired Total Checkouts Full call number Barcode Date last seen Price effective from Koha item type
          Koleksioni i përgjithshem UBT - Lipjan UBT - Lipjan Koleksioni i përgjithshem 03/10/2021   91 MAC 002-7002332 03/10/2021 03/10/2021 Books
UBT Library © 2015-2024. All rights reserved University Education for Business and Technology